000 00338nam a2200145Ia 4500
008 191201s2005 xx 000 0 und d
082 _a330.954
100 _aDATT, Ruddar
245 0 _aIndian Economy
250 _a52th
260 _aN.Delhi
_bS Chand and Co. Ltd.
_c2005
300 _a1003
650 _aGeneral Books
942 _2ddc
_cBK
999 _c2176
_d2176